Get in on the Act (Record no. 70043)

MARC details
000 -LEADER
fixed length control field 01655cam a2200265 4500
001 - CONTROL NUMBER
control field ABS65404
008 - FIXED-LENGTH DATA ELEMENTS--GENERAL INFORMATION
fixed length control field 020423n2002 000 0 eng u
035 ## - SYSTEM CONTROL NUMBER
System control number (Sirsi) u117638
100 ## - MAIN ENTRY--PERSONAL NAME
Personal name Heighton, M
245 ## - TITLE STATEMENT
Title Get in on the Act
260 ## - PUBLICATION, DISTRIBUTION, ETC.
Date of publication, distribution, etc. 2002
490 ## - SERIES STATEMENT
Series statement Property Week
Volume/sequential designation 67(13) 5 April 2002, 33-34(2)
520 ## - SUMMARY, ETC.
Summary, etc. Discusses the implications of the Disability Discrimination Act 1995 Part III which comes into effect on 1 October 2004. Outlines the basic statutory obligation of Part III which is contained in s21(2) of the Act and is imposed on 'service providers'. Part III is supplemented by the Disability Discrimination Regulations 2001 which explain the issues that affect landlords and tenants of premises where works need to be carried out to comply with s21(2). Discusses the issue of landlord's granting tenants consent to alter premises, and provides five conditions that landlords can reasonably impose. Also looks at the new Code of Practice issued by the Disability Rights Commission (DRC) in February 2002 which provides guidance on how to avoid discrimination. Concludes that landlords and tenants should take full measures to ensure they comply with their statutory duty.
590 ## - LOCAL NOTE (RLIN)
Local note ABS
650 ## - SUBJECT ADDED ENTRY--TOPICAL TERM
Topical term or geographic name entry element DISABILITY DISCRIMINATION ACT 1995
650 ## - SUBJECT ADDED ENTRY--TOPICAL TERM
Topical term or geographic name entry element SERVICE PROVIDERS
650 ## - SUBJECT ADDED ENTRY--TOPICAL TERM
Topical term or geographic name entry element ALTERATIONS
650 ## - SUBJECT ADDED ENTRY--TOPICAL TERM
Topical term or geographic name entry element MANAGEMENT-BUSINESS MANAGEMENT-DISCRIMINATION-DISABILITY DISCRIMINATION-ACCESSIBILITY
650 ## - SUBJECT ADDED ENTRY--TOPICAL TERM
Topical term or geographic name entry element CODE OF PRACTICE
650 ## - SUBJECT ADDED ENTRY--TOPICAL TERM
Topical term or geographic name entry element DISABILITY DISCRIMINATION REGULATIONS 2001
650 ## - SUBJECT ADDED ENTRY--TOPICAL TERM
Topical term or geographic name entry element DISABILITY RIGHTS COMMISSION
650 ## - SUBJECT ADDED ENTRY--TOPICAL TERM
Topical term or geographic name entry element DRC
690 ## - LOCAL SUBJECT ADDED ENTRY--TOPICAL TERM (OCLC, RLIN)
Topical term or geographic name as entry element PROPERTY-LANDLORD AND TENANT
942 ## - ADDED ENTRY ELEMENTS (KOHA)
Suppress in OPAC 0
Holdings
Withdrawn status Lost status Source of classification or shelving scheme Damaged status Not for loan Home library Current library Shelving location Date acquired Total Checkouts Full call number Barcode Date last seen Copy number Price effective from Koha item type
    Dewey Decimal Classification     London London Journal article 26/04/2002   ABS65404 117638-1001 06/08/2019 1 06/08/2019 Journal article